Central Library and Information Centre
Sibsagar Girls' College, Sivasagar : Assam

THE ART OF MAKING FURNITURE IN MINIA TUNE (Record no. 3246)

MARC details
000 -LEADER
fixed length control field 00397cam a2200169ua 4500
008 - FIXED-LENGTH DATA ELEMENTS--GENERAL INFORMATION
fixed length control field 131203n II |||gr||||Z||||||eng
040 ## - CATALOGING SOURCE
Original cataloging agency MAIN
041 ## - LANGUAGE CODE
-- English
082 ## - DEWEY DECIMAL CLASSIFICATION NUMBER
Classification number 028.7 SMI
100 ## - MAIN ENTRY--PERSONAL NAME
Personal name SMITH, HARRY W.
245 ## - TITLE STATEMENT
Title THE ART OF MAKING FURNITURE IN MINIA TUNE
260 ## - PUBLICATION, DISTRIBUTION, ETC.
Place of publication, distribution, etc. [s.l:
Name of publisher, distributor, etc. s.n.]
Date of publication, distribution, etc. 1982.
300 ## - PHYSICAL DESCRIPTION
Extent 288:
Dimensions 20CM.
942 ## - ADDED ENTRY ELEMENTS (KOHA)
Koha item type Books
653 ## - INDEX TERM--UNCONTROLLED
Uncontrolled term Reference Books
Holdings
Withdrawn status Lost status Damaged status Not for loan Collection code Home library Current library Shelving location Date acquired Full call number Barcode Date last seen Copy number Price effective from Koha item type Public note
        REFHMSC Central Library and Information Centre Sibsagar Girls College Central Library and Information Centre Sibsagar Girls College HOMESCIENCE BOOK RACK 07.03.1985 028.7 SMI 11475 27.02.2020 1 27.02.2020 Books V


Sibsagar Girl's College © 2020. All rights reserved.
Powered by Koha.
Maintained by Abhijit Borpuzari.